Spell the Marvel Character #80 - Statistics

General Stats
  • This quiz has been taken 23 times
  • The average score is 6 of 7
Answer Stats
Picture Answer % Correct
Beast
100%
Gamora
100%
Namor the Sub-Mariner
93%
Yellowjacket
86%
Lightspeed
79%
Goblyn
71%
Oya
71%
No matching quizzes found
Score Distribution
Percent of People with Each Score
Percentile by Number Answered
Your Score History
You have not taken this quiz